MARC

LEADER 00000nab a2200000 a 4500
001 vtls000036826
003 SK-MaSNL
005 20260303023025.0
008 111103c1979 xo 0 slo
015 |a SNBRB19rr/mm-uuuuu 
035 |a CL0046921 
040 |a SNKBUCL  |b slo  |c SNKBUCL  |e AACR2 
041 0 |a slo 
044 |a xo  |c SK 
080 |a 885.4-1(087.5)  |2 1981 
100 1 |a Čobej, Alojz,  |d 1935-2020  |4 aut  |9 205070 
245 1 0 |a List súdružke  |c Alojz Čobej 
650 0 7 |a básne dedikačné  |2 snkbucl  |9 893927 
650 0 7 |a literatúra pre deti a mládež  |2 snkbucl  |9 21893 
650 0 7 |a učitelia  |2 snkbucl  |9 3995 
655 7 |a články z novín a časopisov  |2 snkbucl  |9 267496 
655 7 |a články z odboru literárna veda a krásna literatúra  |2 snkbucl  |9 770045 
773 0 |t Bratislava  |g Roč. 6, č. 2 (1979), s. 34 
850 |a Slovenská národná knižnica v Martine  |a MTA001 
852 |a SNK  |b KIS3GCP 
958 |a RK 
958 |a LX 
992 |a RBX 
999 |c 1632113  |d 1634043